[Event "Panama op 4th"]
[Site "Panama City"]
[Date "2023.11.06"]
[Round "1"]
[White "Arribas Robaina, Maritza"]
[Black "Gomes Barranco, Isabela Sofia"]
[Result "1-0"]
[WhiteElo "2174"]
[BlackElo "1174"]
[PlyCount "61"]
[EventDate "2023.11.06"]
[EventType "swiss"]
[EventRounds "9"]
[EventCountry "PAN"]
[SourceTitle "CB46_2023"]
[SourceDate "2023.11.15"]
[SourceVersion "1"]
[SourceVersionDate "2023.11.15"]
[SourceQuality "1"]

1. e4 e6 2. d4 d5 3. e5 c5 4. c3 Nc6 5. Nf3 Bd7 6. dxc5 Bxc5 7. Bd3 Nge7 8. 0-0 Ng6 9. Re1 Qb6 10. Qe2 0-0 11. b4 Be7 12. b5 Na5 13. g3 Rac8 14. h4 Nc4 15. h5 Bxb5 16. hxg6 fxg6 17. a4 Ba6 18. Nbd2 Qc7 19. Nd4 Qd7 20. Nxc4 dxc4 21. Be4 Bc5 22. Be3 b5 23. axb5 Bxb5 24. Nxb5 Qxb5 25. Reb1 Qd7 26. Rb7 Qd8 27. Bxc5 Rxc5 28. Raxa7 Rxe5 29. Rxg7+ Kh8 30. Rxh7+ Kg8 31. Rag7# 1-0

[Event "Carlos Torre Memorial op 32nd"]
[Site "Merida"]
[Date "2022.12.16"]
[Round "1"]
[White "Arribas Robaina, Maritza"]
[Black "Albornoz Cabrera, Carlos Daniel"]
[Result "0-1"]
[WhiteElo "2232"]
[BlackElo "2577"]
[PlyCount "80"]
[EventDate "2022.12.16"]
[EventType "swiss"]
[EventRounds "9"]
[EventCountry "MEX"]
[SourceTitle "CBM 212 Extra"]
[Source "ChessBase"]
[SourceDate "2023.03.31"]
[SourceVersion "1"]
[SourceVersionDate "2023.03.31"]
[SourceQuality "1"]

1. e4 c5 2. Nf3 d6 3. Bb5+ Nd7 4. 0-0 a6 5. Bxd7+ Bxd7 6. Re1 Nf6 7. e5 dxe5 8. Nxe5 Bc8 9. d3 e6 10. Nc3 Qc7 11. Bf4 Bd6 12. Bg3 b5 13. Ng4 Bb7 14. Nxf6+ gxf6 15. Qh5 0-0-0 16. Ne4 Bxg3 17. hxg3 f5 18. Ng5 Rd7 19. Qh6 Rg8 20. Nf3 f4 21. Ne5 fxg3 22. f3 Rdd8 23. Qf6 Rdf8 24. a4 b4 25. a5 Qd8 26. Qf4 f6 27. Nc4 e5 28. Qe3 Qe7 29. c3 Kb8 30. cxb4 cxb4 31. Qb6 Rc8 32. Ra4 Rgd8 33. Nd2 Rxd3 34. Ne4 Rc6 35. Qxb4 Qxb4 36. Rxb4 Rc2 37. Kf1 Ka7 38. Nxg3 Bxf3 39. Ne2 Bh5 40. Rb6 Rdd2 0-1

[Event "Capablanca Memorial Premier 55th"]
[Site "Havana"]
[Date "2022.04.27"]
[Round "8"]
[White "Cori Tello, Deysi Estella"]
[Black "Arribas Robaina, Maritza"]
[Result "0-1"]
[WhiteElo "2391"]
[BlackElo "2228"]
[PlyCount "51"]
[EventDate "2022.04.19"]
[EventType "tourn"]
[EventRounds "9"]
[EventCountry "CUB"]
[EventCategory "4"]
[SourceTitle "CBM 208 Extra"]
[Source "ChessBase"]
[SourceDate "2022.07.31"]
[SourceVersion "1"]
[SourceVersionDate "2022.07.31"]
[SourceQuality "1"]

1. Nf3 Nf6 2. d4 g6 3. g3 Bg7 4. Bg2 0-0 5. 0-0 d6 6. b3 Nbd7 7. Bb2 e5 8. dxe5 Ng4 9. c4 dxe5 10. h3 Nh6 11. e4 f6 12. Qc2 Re8 13. c5 c6 14. Nbd2 Qe7 15. b4 Nf8 16. Nc4 Nf7 17. Rfd1 Be6 18. a4 Rad8 19. Kh2 Rxd1 20. Rxd1 Rd8 21. Re1 Nh6 22. Ncd2 Re8 23. Nc4 Rd8 24. Ncd2 Re8 25. Nc4 Nf7 26. Ba3 0-1

[Event "Capablanca Memorial Premier 55th"]
[Site "Havana"]
[Date "2022.04.26"]
[Round "7"]
[White "Arribas Robaina, Maritza"]
[Black "Bulmaga, Irina"]
[Result "0-1"]
[WhiteElo "2228"]
[BlackElo "2379"]
[PlyCount "64"]
[EventDate "2022.04.19"]
[EventType "tourn"]
[EventRounds "9"]
[EventCountry "CUB"]
[EventCategory "4"]
[SourceTitle "CBM 208 Extra"]
[Source "ChessBase"]
[SourceDate "2022.07.31"]
[SourceVersion "1"]
[SourceVersionDate "2022.07.31"]
[SourceQuality "1"]

1. e4 e5 2. Nf3 Nc6 3. Bc4 Bc5 4. 0-0 Nf6 5. d3 d6 6. c3 a6 7. a4 h6 8. Be3 Bxe3 9. fxe3 0-0 10. Nbd2 a5 11. Qe1 Be6 12. Bxe6 fxe6 13. Qg3 Qe8 14. d4 exd4 15. exd4 Nh5 16. Qe1 e5 17. dxe5 Nxe5 18. Nd4 Nf4 19. Nf5 Ned3 20. Qh4 Rxf5 21. exf5 Qe3+ 22. Rf2 Re8 23. Nf3 Qxf2+ 24. Qxf2 Nxf2 25. Kxf2 Re2+ 26. Kg3 Nh5+ 27. Kh4 Nf6 28. g4 Rxb2 29. Re1 Ra2 30. g5 Rxa4+ 31. Nd4 hxg5+ 32. Kxg5 Kf7 0-1

[Event "Capablanca Memorial Premier 55th"]
[Site "Havana"]
[Date "2022.04.19"]
[Round "1"]
[White "Lujan, Carolina"]
[Black "Arribas Robaina, Maritza"]
[Result "1/2-1/2"]
[WhiteElo "2330"]
[BlackElo "2228"]
[PlyCount "63"]
[EventDate "2022.04.19"]
[EventType "tourn"]
[EventRounds "9"]
[EventCountry "CUB"]
[EventCategory "4"]
[SourceTitle "CBM 208 Extra"]
[Source "ChessBase"]
[SourceDate "2022.07.31"]
[SourceVersion "1"]
[SourceVersionDate "2022.07.31"]
[SourceQuality "1"]

1. e4 e5 2. Nf3 Nc6 3. Bc4 Bc5 4. c3 Nf6 5. d3 0-0 6. 0-0 d5 7. exd5 Nxd5 8. a4 a5 9. Re1 Bg4 10. Nbd2 Nb6 11. Bb5 f6 12. Ne4 Be7 13. h3 Bh5 14. Ng3 Bf7 15. d4 exd4 16. Bxc6 bxc6 17. Nxd4 Bc5 18. Qg4 Bxd4 19. cxd4 Re8 20. Bd2 Qd7 21. Qxd7 Nxd7 22. Rxe8+ Bxe8 23. Re1 Nb6 24. b4 axb4 25. Bxb4 Nd5 26. Bd2 c5 27. dxc5 Bxa4 28. Nf5 Re8 29. Rxe8+ Bxe8 30. Ba5 Bd7 31. Ne3 Nxe3 32. fxe3 1/2-1/2

[Event "WchT (Women) Pool-B"]
[Site "Sitges"]
[Date "2021.09.27"]
[Round "1.1"]
[White "Antolak, Julia"]
[Black "Arribas Robaina, Maritza"]
[Result "0-1"]
[WhiteElo "2315"]
[BlackElo "2204"]
[PlyCount "72"]
[EventDate "2021.09.27"]
[EventType "team-tourn (rapid)"]
[EventRounds "5"]
[EventCountry "ESP"]
[SourceTitle "CBM 204 Extra"]
[Source "ChessBase"]
[SourceDate "2021.11.30"]
[SourceVersion "1"]
[SourceVersionDate "2021.11.30"]
[SourceQuality "1"]
[WhiteTeam "Poland (W)"]
[BlackTeam "FIDE Americas (W)"]
[WhiteTeamCountry "POL"]

1. e4 e6 2. d4 d5 3. Nd2 Nc6 4. Ngf3 Nf6 5. e5 Nd7 6. Bd3 Nb4 7. Be2 c5 8. c3 Nc6 9. 0-0 Qb6 10. Nb3 Be7 11. dxc5 Qc7 12. Bf4 Nxc5 13. Nbd4 a6 14. Re1 h6 15. Bg3 Bd7 16. Nd2 Rc8 17. Bf1 Qb6 18. b3 0-0 19. Rc1 a5 20. Qg4 f5 21. exf6 Bxf6 22. Bd6 Rf7 23. Nxc6 Qxc6 24. Be5 Bxe5 25. Rxe5 Rcf8 26. b4 Rf4 27. Qd1 Na4 28. b5 Qc7 29. Re1 Rxf2 30. Nb3 Qb6 31. Nd4 Nxc3 32. Rxc3 e5 33. a4 exd4 34. Rg3 d3 35. Kh1 d2 36. Qa1 Qf6 0-1

[Event "CUB-ch (Women)"]
[Site "Holguin"]
[Date "2020.01.31"]
[Round "3"]
[White "Linares Napoles, Oleiny"]
[Black "Arribas Robaina, Maritza"]
[Result "1/2-1/2"]
[WhiteElo "2226"]
[BlackElo "2208"]
[PlyCount "61"]
[EventDate "2020.01.29"]
[EventType "tourn"]
[EventRounds "11"]
[EventCountry "CUB"]
[SourceTitle "CBM 195 Extra"]
[Source "ChessBase"]
[SourceDate "2020.05.31"]
[SourceVersion "1"]
[SourceVersionDate "2020.05.31"]
[SourceQuality "1"]

1. Nf3 d5 2. c4 c6 3. e3 Nf6 4. Nc3 g6 5. d4 Bg7 6. Bd3 0-0 7. 0-0 Nbd7 8. cxd5 cxd5 9. Qb3 e6 10. Bd2 b6 11. Rfc1 a6 12. a4 Bb7 13. a5 Ne4 14. axb6 Nxd2 15. Nxd2 Qxb6 16. Na4 Qxb3 17. Nxb3 Rfc8 18. Nac5 Nxc5 19. Nxc5 Rc7 20. f4 Bf8 21. b4 Rb8 22. Bxa6 Bxa6 23. Nxa6 Rxc1+ 24. Rxc1 Rb6 25. Nc5 Rxb4 26. Nd7 Be7 27. Rc7 Rb2 28. Kf1 h5 29. Ra7 Rc2 30. Ne5 Kf8 31. Rb7 1/2-1/2